000 00711cam a2200217 4500
001 ABS64066
008 000000n2001 000 0 eng u
035 _a(Sirsi) u112743
245 _aAlternative land use
260 _c2001
490 _aFarm Development Review
_v15(4) February 2001(8) LOAN
520 _aIncludes short articles on the following topics: conversion of redundant farm buildings for commercial use; sculpture parks; mohair production; on-line food marketing via food40.com.
590 _aABS
650 _aMOHAIR
650 _aWEBSITES
650 _aFOOD PRODUCTION
650 _aREDUNDANT FARM BUILDINGS
650 _aFARM DIVERSIFICATION
690 _aRural
_96268
942 _n0
999 _c67129
_d67129